| 000 | 00729nam a2200229Ia 4500 | ||
|---|---|---|---|
| 001 | 2976 | ||
| 003 | GE_BSU | ||
| 008 | 181216s||||||||xx |||||||||||||| ||und|| | ||
| 020 | _a5862251464 | ||
| 040 | _cGE_BSU | ||
| 080 | _a336(075.8) | ||
| 245 | _aФинансовое планирования и контроль, второе издание | ||
| 245 | _bFinancial planing and control | ||
| 245 | _c[под. ред. М.А. Жукова и А. Х. Тейлора] [пер. с англ. А.Г. Пивовара] | ||
| 260 | _aМосква | ||
| 260 | _bИНФРА-М | ||
| 260 | _c1996 | ||
| 300 | _a480 с. 21 см. | ||
| 541 | _h15 л. 10 т. | ||
| 653 | _aФинансовое планирования | ||
| 942 | _cBK | ||
| 999 |
_c37022 _d37022 |
||